000 00558nam a2200193Ia 4500
001 13276
003 GE_BSU
008 181216s||||||||xx |||||||||||||| ||und||
040 _cGE_BSU
080 _a664.8(035)
100 _aВасильев,А.И. Антонов,М.В. Малоземов,В.М. и др.
245 _aСправочник плодоовощника
260 _aМосква
260 _bЭкономика
260 _c1964
300 _a360стр.20см.
653 _aСправочник плодоовощника
942 _cBK
999 _c46438
_d46438